Bioética : historia, principios, cuestiones /
Obra de un profesor en teología que aborda todos los temas que plantea la bioética, con claridad, competencia científica y con conocimiento de la doctrina del magisterio de la Iglesia. Está dividida en dos partes: la primera trata las cuestiones generales de bioética, fundamentos e indicaciones sobr...
保存先:
| 第一著者: | |
|---|---|
| フォーマット: | 図書 |
| 言語: | スペイン語 |
| 出版事項: |
Madrid, España :
Palabra,
2005, c2005
|
| シリーズ: | (Pelícano. Manuales)
|
| 主題: | |
| タグ: |
タグなし, このレコードへの初めてのタグを付けませんか!
|
MARC
| LEADER | 00000nam^a2200000^a^4500 | ||
|---|---|---|---|
| 001 | 000181650 | ||
| 005 | 20250521000000.0 | ||
| 009 | 20260310101939.426 | ||
| 020 | |a 84-8239-899-7 | ||
| 037 | |a Acervo ITESO - Biblioteca | ||
| 041 | |a ESP | ||
| 082 | |a 174. 2 |b CIC | ||
| 100 | |a Ciccone, Lino |e (autor) | ||
| 245 | 1 | 0 | |a Bioética : |b historia, principios, cuestiones / |c L. Ciccone ; tr. por Antonio Esquivias. |
| 264 | 4 | |a Madrid, España : |b Palabra, |c 2005, c2005 | |
| 300 | |a 478 p. | ||
| 336 | |a texto |b txt |2 rdacontenido | ||
| 337 | |a sin mediación |b n |2 rdamedio | ||
| 338 | |a volumen |b nc |2 rdasoporte | ||
| 440 | 1 | |a (Pelícano. |p Manuales) | |
| 500 | |a Traducción de: Bioetica: storia, princìpi, questioni | ||
| 520 | |a Obra de un profesor en teología que aborda todos los temas que plantea la bioética, con claridad, competencia científica y con conocimiento de la doctrina del magisterio de la Iglesia. Está dividida en dos partes: la primera trata las cuestiones generales de bioética, fundamentos e indicaciones sobre el origen de la ciencia. La segunda parte analiza cuestiones particulares, temas de más actualidad como la ingeniería genética, los trasplantes de órganos, el SIDA, la clonación, las células madre, la inseminación artificial, la experimentación con animales y embriones, el alcoholismo y el tabaquismo entre otros. | ||
| 649 | |a XX | ||
| 650 | |a SIDA | ||
| 650 | |a Clonación | ||
| 650 | |a Trasplante de Organos | ||
| 650 | |a Ingeniería Genética | ||
| 650 | |a Drogadicción | ||
| 650 | |a Alcoholismo | ||
| 650 | |a Etica Cristiana | ||
| 650 | |a Bioética | ||
| 650 | |a Etica | ||
| 910 | |a Fondo General | ||
| 920 | |a Impresos - Libros | ||
| 930 | |a Colección General | ||
| 905 | |a 101 | ||
| 901 | |a 0500121571 |b IT1 |c ACC |u 20250521 | ||
| 902 | |a https://opac.biblio.iteso.mx/vufind/Record/000181650 | ||